| 000 | 00831cam a22002411i 4500 | ||
|---|---|---|---|
| 003 | SA-RiAUC | ||
| 005 | 20250701062305.0 | ||
| 008 | 250626s1945 ua g 000 0 ara c | ||
| 040 |
_aSA-JeALM _bara _cSA-RiAUC _erda |
||
| 050 | 4 | _b.Z39 1945 | |
| 082 | 0 | 4 |
_a414 _qSA-RiAUC |
| 090 |
_aن 414 _bز ي ا |
||
| 100 | 1 |
_aالزيات، أحمد حسن، _d1885-1968 _eمؤلف. |
|
| 245 | 1 | 0 |
_aدفاع عن البلاغة / _cأحمد حسن الزيات. |
| 264 | 1 |
_a[القاهرة] : _bمطبعة الرسالة، _c1945 |
|
| 300 |
_a164 صفحة ؛ _c22 سم |
||
| 336 |
_aنص _btxt _2rdacontent _3كتاب |
||
| 337 |
_aبدون وسيط _bn _2rdamedia |
||
| 338 |
_aمجلد _bnc _2rdacarrier |
||
| 650 | 7 |
_aالبلاغة العربية _2aucsh |
|
| 942 |
_2ddc _cRARE BOOK _n0 |
||
| 949 |
_aSA-JeALM _d250626 _uosman123 _n1 |
||
| 999 |
_c9320 _d9320 |
||